000 01053cam a2200313 a 4500
001 3857925
003 OSt
005 20250901165801.0
008 880125s1988 mau b 000 0aeng
010 _a 88047660
020 _a0807070408 :
_c$19.95
040 _aDLC
_cDLC
_dDLC
041 1 _aengfre
043 _ae-fr---
050 0 0 _aPQ 2680 .O83 Z52713 1988
_bZ52713 1988
082 0 0 _a843/.914
_aB
_219
100 1 _aTournier, Michel.
240 1 0 _aVent paraclet.
_lEnglish
245 1 4 _aThe wind spirit :
_ban autobiography /
_cMichel Tournier ; translated by Arthur Goldhammer.
260 _aBoston :
_bBeacon Press,
_cc1988.
300 _aviii, 259 p. ;
_c23 cm.
500 _aTranslation of: Le vent paraclet.
504 _aBibliography: p. 251-259.
600 1 0 _aTournier, Michel.
650 0 _aNovelists, French
_y20th century
_xBiography.
906 _a7
_bcbc
_corignew
_d1
_eocip
_f19
_gy-gencatlg
942 _2lcc
_cBK
999 _c9200
_d9200